Normal view MARC view
  • Agarwal Barsha

Entry Personal Name

Number of records used in: 2

001 - CONTROL NUMBER

  • control field: 184201

003 - CONTROL NUMBER IDENTIFIER

  • control field: OSt

005 - DATE AND TIME OF LATEST TRANSACTION

  • control field: 20230605085113.0

008 - FIXED-LENGTH DATA ELEMENTS

  • fixed length control field: 230605|| aca||aabn | a|a d

040 ## - CATALOGING SOURCE

  • Original cataloging agency: OSt
  • Transcribing agency: OSt

100 ## - HEADING--PERSONAL NAME

  • Personal name: Agarwal Barsha

670 ## - SOURCE DATA FOUND

  • Source citation: Work cat.: (OSt)161809: Agarwal Barsha, "Positive Transformation Of Land -Water Interface : Landscape Conservation Policy Framework For Revdanda And Korlai Region ,Raigad Maharashtra", 2022